| 000 | 00707cab a2200277 4500 | ||
|---|---|---|---|
| 001 | ABS60438 | ||
| 008 | 090401t1999 xxu||||| |||| 00| 0 eng d | ||
| 035 | _a(Sirsi) u93209 | ||
| 041 | _aeng | ||
| 100 | _aJackson, R. | ||
| 245 | _aWall-tie corrosion or sulphate attack: some aspects of diagnosis | ||
| 260 | _c1999 | ||
| 350 | _a0 | ||
| 490 |
_aStructural Survey _v17 (1) 1999, 27-31(5) |
||
| 650 | _aABERDEEN | ||
| 650 | _aBUILDING SURVEYS | ||
| 650 | _aCAVITY WALL TIES | ||
| 650 | _aCORROSION | ||
| 650 | _aCRACKING | ||
| 650 | _aDAMAGE | ||
| 650 | _aSULPHATE ATTACK | ||
| 690 | _aBUILT ENVIRONMENT-BUILDING INSPECTION | ||
| 700 | _aScott, B. | ||
| 942 | _n0 | ||
| 948 | _c07/05/1999 | ||
| 999 |
_c59077 _d59077 |
||